000 01387nam a22001937a 4500
003 OSt
005 20260417073959.0
008 260417b |||||||| |||| 00| 0 eng d
040 _aDWC-Main lib.
_cOC
082 _aGR. 348.044 Su959
110 _aEDITORIAL STAFF OF THE CENTRAL LAWBOOK PUBLISHING CO., INC
245 _aSupreme Court reports :
_bannotated/
_cEDITORIAL STAFF OF THE CENTRAL LAWBOOK PUBLISHING CO., INC
260 _aManila, Philippines :
_bCentral Lawbook Publishing Company, Inc.
300 _avarious paging :
_c23 cm
501 _aVolume 291 to 300 Volume 301 to 310
504 _av.291 - June 18 to July 2, 1998 v.292 - July 8 to July 22, 1998 v.293 - July 23 to August 6, 1998 v.294 - August 7 to August 31, 1996 v.295 - September 3 To September 22, 1998 v.296 - September 24 to September 29, 1998 v.297 - October 1 to 12, 1998 v.298 - October 13 to November 18, 1998 v.299 - November 20 to December 9, 1998 v.300 - December 10 to 29, 1998 v.301 - January 14 to 22, 1999 v.302 - January 25 to February 10, 1999 v.303 - February 11 to 26, 1999 v.304 - March 2 to 17, 1999 v.305 - March 18 to April 14, 1999 v.306 - April 15 to May 5, 1999 v.307 - May 11 to 31, 1999 v.308 - June 1 to 21, 1999 v.309 - June 23 to July 5, 1999 v.310 - July 6 to 20, 1999
650 _a1. Law reports, digests, etc.--- Philippines.
942 _2ddc
_cGR
_hGR.
_n0
999 _c9513
_d9513